000 00942nam a2200241 i 4500
001 77601
003 ES-MaACL
005 20231205204441.0
007 t|
008 041025s2003 sp ||||1| spa d
020 _a84-95427-96-6
080 _a821.134.2-1.09"19"
245 0 0 _aReflexiones sobre mi poesía
_b: [conferencias pronunciadas en la Escuela Universitaria de Formación del Profesorado de EGB "Santa María", de la Universidad Autónoma de Madrid] /
_cRafael Morales ... [et al.] : edición: Joaquín Benito de Lucas.
260 _aMadrid :
_bEneida,
_c[2003]
300 _a359 p. ;
_c24 cm.
490 1 _aPuntos de vista ;
_v4
650 4 _aPoesía española-
_yS.XX-
_xHistoria y crítica.
_916167
700 1 _aMorales, Rafael,
_d1919-2005
_983007
700 1 _aBenito de Lucas, Joaquín.
_927672
830 0 _aPuntos de vista ;
_v4
_9176667
852 _aES-MaACL
_jL-28357
_bR.134358
999 _c77601
_d77601